Statistics for Say "hello" in different languages

Click here to take the quiz!

General Stats

  • This quiz has been taken 61 times
    (16 since last reset)
  • The average score is 5 of 15

Answer Stats

LanguageWay of saying "hello"% Correct
EnglishHello
100%
Sign language*Hello*
100%
Spanish/PortugueseHola/Ola
86%
ChineseNi hao
71%
FilipinoHallo
57%
ItalianCiao
50%
HindiNamaste
21%
LatinAve
7%
IrishDia dhuit
7%
SwahiliJambo
7%
MaoriKia ora
7%
ArabicAhlan
0%
NoongarKaya
0%
PunjabiSat sri akaal
0%
MalaySelamat petang
0%

Score Distribution

Percentile by Number Answered

Percent of People with Each Score

Your Score History

You have not taken this quiz since the last reset